| 000 | 00452nam a22001337a 4500 | ||
|---|---|---|---|
| 020 | _a9781986726283 | ||
| 082 |
_a004.6782 _bRAF |
||
| 100 | _aRafael, Ray | ||
| 245 |
_aCloud Computing From Beginning to End: _bcomplete guide on cloud computing technology and methodology to migrate the cloud / _cRay Rafael |
||
| 260 |
_aU.S.A: _bCPSIA, _c2018. |
||
| 300 |
_a153p. ; _c23 cm. |
||
| 942 |
_2ddc _cBK |
||
| 999 |
_c587949 _d587949 |
||